000 00534nam a2200181Ia 4500
008 100920s9999 xx 000 0 und d
082 _b45298
_a--- थ 81
100 _aजाधव टी. के.
245 _aमुखवटा.
260 _bधारा प्रकाशन , औरंगाबाद.
_c1981
300 _a164
_bसाधी
365 _b25
520 _aकादंबरी.
630 _aमुखवटा.
650 _aकादंबरी.
730 _aमुखवटा.
942 _cBOOK
999 _c693628
_d693625